000 00685nam a22002177a 4500
003 UA-OsUOA
001 75680
007 ta
008 20110527b un ||||| |||| 00| 0 ukr d
100 _aГерман Г.Ю.
090 _a355
_bГ38
942 _cSA
040 _aUA-OsUOA
_bukr
_cUA-OsUOA
_dUA-OsUOA
245 _aОрганізаційні засади кар'єри на державній службі
300 _aС.72-77
955 _a0
041 _aukr
080 _a355
773 0 _w75678
_tСтатистика України
_dК.
_d2011
_g1
650 7 _a35 Державно-адміністративне управління. Військова справа
_2UDC
999 _c361978
_d361978